<?xml version="1.0" encoding="UTF-8"?>
<record
    xmlns:xsi="http://www.w3.org/2001/XMLSchema-instance"
    xsi:schemaLocation="http://www.loc.gov/MARC21/slim http://www.loc.gov/standards/marcxml/schema/MARC21slim.xsd"
    xmlns="http://www.loc.gov/MARC21/slim">

  <leader>03287nam a22004337i 4500</leader>
  <controlfield tag="001">B-11752</controlfield>
  <controlfield tag="003">CO-BoFNCP</controlfield>
  <controlfield tag="007">t|| </controlfield>
  <controlfield tag="008">090305s2008    ck     r           spa d </controlfield>
  <datafield tag="040" ind1=" " ind2=" ">
    <subfield code="a">CO-BoFNCP</subfield>
    <subfield code="b">spa</subfield>
    <subfield code="c">CO-BoFNCP</subfield>
    <subfield code="e">rda</subfield>
  </datafield>
  <datafield tag="041" ind1=" " ind2=" ">
    <subfield code="a">spa</subfield>
  </datafield>
  <datafield tag="043" ind1=" " ind2=" ">
    <subfield code="a">ck</subfield>
  </datafield>
  <datafield tag="084" ind1=" " ind2=" ">
    <subfield code="a">A-</subfield>
  </datafield>
  <datafield tag="100" ind1="1" ind2=" ">
    <subfield code="a">Mart&#xED;nez L., Gerardo</subfield>
    <subfield code="9">33358,</subfield>
    <subfield code="e">autor.</subfield>
    <subfield code="4">aut</subfield>
  </datafield>
  <datafield tag="245" ind1="1" ind2="0">
    <subfield code="a">Microorganismos asociados a la Pudrici&#xF3;n del cogollo de la palma de aceite y su inoculaci&#xF3;n en palmas de vivero.</subfield>
  </datafield>
  <datafield tag="246" ind1="2" ind2=" ">
    <subfield code="a">Microorganisms associated with bud rot in oil palm and their inoculation in nursery palms</subfield>
  </datafield>
  <datafield tag="264" ind1=" " ind2="4">
    <subfield code="c">&#xA9;2008</subfield>
  </datafield>
  <datafield tag="300" ind1=" " ind2=" ">
    <subfield code="a">p&#xE1;ginas 19-30 :</subfield>
    <subfield code="b">Tablas, fotograf&#xED;as.</subfield>
  </datafield>
  <datafield tag="336" ind1=" " ind2=" ">
    <subfield code="a">texto</subfield>
    <subfield code="b">txt</subfield>
    <subfield code="2">rdacontent</subfield>
  </datafield>
  <datafield tag="337" ind1=" " ind2=" ">
    <subfield code="a">sin mediaci&#xF3;n</subfield>
    <subfield code="b">n</subfield>
    <subfield code="2">rdamedia</subfield>
  </datafield>
  <datafield tag="338" ind1=" " ind2=" ">
    <subfield code="a">volumen</subfield>
    <subfield code="b">nc</subfield>
    <subfield code="2">rdacarrier</subfield>
  </datafield>
  <datafield tag="500" ind1=" " ind2=" ">
    <subfield code="a">Contiene resumen en espa&#xF1;ol e ingl&#xE9;s.</subfield>
  </datafield>
  <datafield tag="504" ind1=" " ind2=" ">
    <subfield code="a">Incluye 36 referencias bibliogr&#xE1;ficas.</subfield>
  </datafield>
  <datafield tag="520" ind1=" " ind2=" ">
    <subfield code="a">En el estudio de los posibles microorganismos asociados con la Pudrici&#xF3;n del cogollo (PC) de la Palma de aceite en Colombia, se procedi&#xF3; a aislar, identificar, purificar, desarrollar en medios artificiales y adelantar pruebas de patogenicidad con los agentes que, de acuerdo con la literatura y la experiencia de los investigadores, podr&#xED;an tener mayores probabilidades de causar la enfermedad. Estos condujeron a descartar como responsables de la PC a Fusarium spp., Colletotrichum sp., Pestalotia sp., Rhizoctonia sp., Thielaviopsis sp., Nigrosposa sp., Curvularia sp., Alternaria spp., Helminthosporium spp., Diplodia sp. o Lasiodiplodia sp., as&#xED; como a las bacterias de los g&#xE9;neros Erwinia y Pseudomonas, todos ellos encontrados frecuentemente en estados avanzados de desarrollo de la enfermedad. Los s&#xED;ntomas de la enfermedad no pudieron ser reproducidos en las inoculaciones de palmas con los diferentes aislamientos de estos hongos o bacterias.</subfield>
  </datafield>
  <datafield tag="520" ind1=" " ind2=" ">
    <subfield code="a">In the study of the microorganisms associated with he bud rot (PC) disease of the oil palm in Colombia, it was possible to isolate, identify, purify, growth in artificial media and develop pathogenicity test of the different agents that according with the literature and the experience of the research team might be associated with the disease. These studies indicated that the PC is not started by Fusarium sp., Colletotrichum sp., Pestalotia sp., Rhizoctonia sp., Thielaviopsis sp., Nigrosposa sp., Curvularia sp., Alternaria spp., Helminthosporium spp., Diplodia sp. o Lasiodiplodia sp., as well as with bacteria of the genus Erwinia or Pseudomonas, all of them observed frequently in advanced stages of the disease. The symptoms of the disease were not reproduced when oil palms were inoculated with different isolates of these fungi or bacteria.</subfield>
  </datafield>
  <datafield tag="650" ind1=" " ind2="0">
    <subfield code="a">Phytophthora.</subfield>
    <subfield code="9">20315</subfield>
  </datafield>
  <datafield tag="650" ind1=" " ind2="0">
    <subfield code="a">Pudrici&#xF3;n del cogollo</subfield>
    <subfield code="9">30852.</subfield>
  </datafield>
  <datafield tag="650" ind1=" " ind2="0">
    <subfield code="a">Palma de aceite</subfield>
    <subfield code="9">37678.</subfield>
  </datafield>
  <datafield tag="700" ind1="1" ind2=" ">
    <subfield code="a">Ariza, Josu&#xE9; G. </subfield>
    <subfield code="9">41327.</subfield>
  </datafield>
  <datafield tag="700" ind1="1" ind2=" ">
    <subfield code="a">Aya, H&#xE9;ctor A. </subfield>
    <subfield code="9">41328.</subfield>
  </datafield>
  <datafield tag="700" ind1="1" ind2=" ">
    <subfield code="a">Rodr&#xED;guez, Jessica</subfield>
    <subfield code="9">41329.</subfield>
  </datafield>
  <datafield tag="700" ind1="1" ind2=" ">
    <subfield code="a">Sarria, Greicy A.</subfield>
    <subfield code="9">41330.</subfield>
  </datafield>
  <datafield tag="700" ind1="1" ind2=" ">
    <subfield code="a">Torres, Gabriel A.</subfield>
    <subfield code="9">41331.</subfield>
  </datafield>
  <datafield tag="700" ind1="1" ind2=" ">
    <subfield code="a">Var&#xF3;n, Francia</subfield>
    <subfield code="9">41332.</subfield>
  </datafield>
  <datafield tag="700" ind1="1" ind2=" ">
    <subfield code="a">V&#xE9;lez, Diana C.</subfield>
    <subfield code="9">41333.</subfield>
  </datafield>
  <datafield tag="773" ind1="0" ind2=" ">
    <subfield code="a">Palmas (Colombia)</subfield>
    <subfield code="g">v. 29, no. 3 Edici&#xF3;n especial (2008), p.19-30</subfield>
    <subfield code="w">A-</subfield>
    <subfield code="x">0121-2923</subfield>
  </datafield>
  <datafield tag="942" ind1=" " ind2=" ">
    <subfield code="2">z</subfield>
    <subfield code="c">1</subfield>
  </datafield>
  <datafield tag="952" ind1=" " ind2=" ">
    <subfield code="0">0</subfield>
    <subfield code="1">0</subfield>
    <subfield code="2">z</subfield>
    <subfield code="4">0</subfield>
    <subfield code="7">0</subfield>
    <subfield code="a">2</subfield>
    <subfield code="b">2</subfield>
    <subfield code="d">2013-10-21</subfield>
    <subfield code="l">0</subfield>
    <subfield code="o">A-</subfield>
    <subfield code="p">R-11752</subfield>
    <subfield code="r">2013-10-21 00:00:00</subfield>
    <subfield code="t">Ej. 1</subfield>
    <subfield code="w">2013-10-21</subfield>
    <subfield code="y">1</subfield>
  </datafield>
  <datafield tag="999" ind1=" " ind2=" ">
    <subfield code="c">26517</subfield>
    <subfield code="d">26517</subfield>
  </datafield>
</record>
